000 00734nam a2200205 a 4500
003 0
005 20250214151012.0
008 130828s19uu xx 00 eng d
050 _aPGS QP 517.E85
_b.L477 2013
100 _aLee, Hye Jin.
245 _aThe use of banana as ripening agent of tomatoes /
_cHye Jin Lee.
260 _aLas PiƱas City, Philippines :
_bSouthville International School and Colleges,
_c2013.
300 _a17 pages :
_billustrations ;
_c28 cm.
504 _aIncludes bibliographical references.
650 _aTomatoes
_vRipening.
650 _aBananas
_vEffect on fruit ripening.
650 _aEthylene
_vPhysiological effect.
650 _aPlant hormones
_vEffect on fruit ripening.
942 _2lcc
_cPASS
999 _c98992
_d98992